000 00336nam a2200133Ia 4500
005 20251222141841.0
008 251222s9999||||xx |||||||||||||| ||spa||
020 _a968-16-0853-4
082 _a780.9/D96
100 _aDufourcq, Norbert
245 0 _aBreve Historia de la Música
264 _bFondo de Cultura Económica
942 _cLIB
999 _c7421
_d7421